000 00356nam a2200097Ia 4500
082 _a300.72 VITH
245 0 _aDesigning your first research proposal : a manual for researchers in education and the social sciences
100 _a VITHAL, Renuka Claremont [South Africa], [c.2010] Rev ed
942 _cBK
008 210817s9999 xx 000 0 und d
999 _c185902
_d185899